LEADER 00649nab a2200133 i 4500 001 000000321995 003 CaOOAMICUS 005 20180831173356.0 008 180831n it uu u0 0ita r 013 $a32283 040 $aSeMil$bita 245 10$aMons. Vincenzo Vismara (?-2008) ; Don Alfredo Seveso ( 1916-2008) ; Don Paolo Villa (?-2008). - In [rubrica] :$bLa Fiaccola ricorda. 773 0 $tIn dialogo con don Bosco. - 32 p. - Titolo dalla copertina. - In copertina.$gp.30$w()280735 996 $6245$aMons. Vincenzo Vismara (?-2008) ; Don Alfredo Seveso ( 1916-2008) ; Don Paolo Villa (?-2008). - In [rubrica] :$bLa Fiaccola ricorda.$9(OLS)http://semarc/title/395526 LEADER 00547naa a2200145 i 4500 001 000000319096 003 CaOOAMICUS 005 20180831173300.0 008 180831n it u000 u ita u 013 $a28725 040 $aSeMil$bita 100 1 $aRegina, Umberto,$d<1937- >.$0(OLS)http://semarc/name/15871 245 10$aRisorse per la cultura cattolica italiana. 773 0 $tNei 150 anni dell'unita d'Italia.$dBologna : EDB, 2011.$z978-88-10-14067-3$gp.167-174$w()207263 996 $6245$aRisorse per la cultura cattolica italiana$9(OLS)http://semarc/title/392888